Alice in Wonderland / (Record no. 177586)

MARC details
000 -LEADER
fixed length control field 00945nam a22002777ia4500
005 - DATE AND TIME OF LATEST TRANSACTION
control field 20200611130031.0
008 - FIXED-LENGTH DATA ELEMENTS--GENERAL INFORMATION
fixed length control field 200611t20152015-uka|||b |||| 00| 1 eng d
020 ## - INTERNATIONAL STANDARD BOOK NUMBER
International Standard Book Number 9780723288022
Terms of availability RM11.95
Qualifying information hardback
040 ## - CATALOGING SOURCE
Original cataloging agency PPAK
Language of cataloging eng
Transcribing agency PPAK
Description conventions rda
082 04 - DEWEY DECIMAL CLASSIFICATION NUMBER
Edition number 23
Classification number 428.6
090 00 - LOCALLY ASSIGNED LC-TYPE CALL NUMBER (OCLC); LOCAL CALL NUMBER (RLIN)
Classification number (OCLC) (R) ; Classification number, CALL (RLIN) (NR) 428.6
Feature heading HOR
Feature heading K
100 1# - MAIN ENTRY--PERSONAL NAME
Personal name Horsley, Lorraine,
Relator term author.
245 10 - TITLE STATEMENT
Title Alice in Wonderland /
Statement of responsibility, etc. written by Lorraine Horsley ; Illustrated by Barbara Bongini
264 #1 - PRODUCTION, PUBLICATION, DISTRIBUTION, MANUFACTURE, AND COPYRIGHT NOTICE
Place of production, publication, distribution, manufacture London, United Kingdom :
Name of producer, publisher, distributor, manufacturer Ladybird Books,
Date of production, publication, distribution, manufacture, or copyright notice 2015
Date of production, publication, distribution, manufacture, or copyright notice ©2015
300 ## - PHYSICAL DESCRIPTION
Extent 47 pages :
Other physical details colour illustrations ;
Dimensions 18 cm
336 ## - CONTENT TYPE
Source rdacontent
Content type term text
337 ## - MEDIA TYPE
Source rdamedia
Media type term unmediated
338 ## - CARRIER TYPE
Source rdacarrier
Carrier type term volume
490 1# - SERIES STATEMENT
Series statement Read it yourself with Ladybird ;
Volume/sequential designation Level 4
650 10 - SUBJECT ADDED ENTRY--TOPICAL TERM
Topical term or geographic name entry element Readers (Primary)
Topical term or geographic name entry element Children's stories, English
700 1# - ADDED ENTRY--PERSONAL NAME
Personal name Bongini, Barbara,
Relator term illustrator.
830 #0 - SERIES ADDED ENTRY--UNIFORM TITLE
Uniform title Read it yourself with Ladybird ;
Number of part/section of a work Level 4
942 ## - ADDED ENTRY ELEMENTS (KOHA)
Source of classification or shelving scheme Dewey Decimal Classification
Koha item type Book
Holdings
Withdrawn Not for loan Current library Shelving location Date acquired Total Checkouts Full call number Barcode Checked out Date last seen Date last checked out Koha item type Total Renewals
    Perpustakaan Alor Setar Pinjaman Kanak-kanak 30/06/2020 17 K 428.6 HOR A01644676 02/05/2026 11/04/2026 11/04/2026 Book  
    Perpustakaan Awam Sungai Petani Pinjaman Kanak-kanak 30/06/2020 34 K 428.6 HOR A01644677   13/04/2026 30/03/2026 Book 2
    Perpustakaan Baling Pinjaman Kanak-kanak 30/06/2020 1 K 428.6 HOR A01644681   31/05/2025 28/05/2025 Book  
    Perpustakaan Jitra Pinjaman Kanak-kanak 30/06/2020 2 K 428.6 HOR A01644678   14/10/2023 24/09/2023 Book 1
    Perpustakaan Kulim Pinjaman Kanak-kanak 30/06/2020 15 K 428.6 HOR A01644680 13/05/2025 22/04/2025 22/04/2025 Book 1
    Perpustakaan Langkawi Pinjaman Kanak-kanak 30/06/2020 6 K 428.6 HOR A01644679   04/01/2026 17/12/2025 Book